| 000 | 00633nam a2200205 i 4500 | ||
|---|---|---|---|
| 001 | 22458 | ||
| 003 | ES-MaACL | ||
| 005 | 20240127062958.0 | ||
| 007 | t| | ||
| 008 | 021203s1986 gw ||||1| ger d | ||
| 100 | 0 |
_aDante Alighieri, _d1265-1321 _942657 |
|
| 245 | 1 | 4 |
_aThe divine comedy / _cof Dante Alighieri ; translated by Henry Wadsworth Longfellow. |
| 260 |
_aLeipzig : _bBem Tanchmitz, _c1986. |
||
| 300 |
_a2 t. en 1 v. ; _c16 cm. |
||
| 490 | 1 | _aBrist authors | |
| 700 | 1 |
_aWadsworth Longfellow, Henry. _9115816 |
|
| 830 | 1 |
_aBrist authors _9182074 |
|
| 852 |
_aES-MaACL _jG-12420 |
||
| 999 |
_c22458 _d22458 |
||